MARC details
| 000 -LEADER |
| fixed length control field |
01654cam a2200433 a 4500 |
| 001 - CONTROL NUMBER |
| control field |
5312 |
| 003 - CONTROL NUMBER IDENTIFIER |
| control field |
BD-DhEWU |
| 005 - DATE AND TIME OF LATEST TRANSACTION |
| control field |
20140626154546.0 |
| 008 - FIXED-LENGTH DATA ELEMENTS--GENERAL INFORMATION |
| fixed length control field |
031212s2003 enk bdd 001 0 eng |
| 020 ## - INTERNATIONAL STANDARD BOOK NUMBER |
| International Standard Book Number |
0521816939 |
|
| International Standard Book Number |
0521017122 (pbk.) |
|
| International Standard Book Number |
0521017130 (pbk. & CDROM) |
|
| International Standard Book Number |
3125396832 (Klett pbk. & CDROM) |
|
| International Standard Book Number |
3125396840 (Klett pbk.) |
| 035 ## - SYSTEM CONTROL NUMBER |
| System control number |
(OCoLC) BD-DhEWU |
| 040 ## - CATALOGING SOURCE |
| Original cataloging agency |
DLC |
| Transcribing agency |
DLC |
| Modifying agency |
DLC |
| -- |
BD-DhEWU |
| Language of cataloging |
eng |
| 041 ## - LANGUAGE CODE |
| Language code of text/sound track or separate title |
eng |
| 050 00 - LIBRARY OF CONGRESS CALL NUMBER |
| Classification number |
PE1137 |
| Item number |
.J55 2003 |
| 082 00 - DEWEY DECIMAL CLASSIFICATION NUMBER |
| Classification number |
421.52 |
| Edition number |
22 |
| Item number |
JOE 2003 |
| 245 00 - TITLE STATEMENT |
| Title |
English pronouncing dictionary. |
| 246 14 - VARYING FORM OF TITLE |
| Title proper/short title |
Cambridge English pronouncing dictionary |
| 250 ## - EDITION STATEMENT |
| Edition statement |
16th ed. / |
| 260 ## - PUBLICATION, DISTRIBUTION, ETC. (IMPRINT) |
| Place of publication, distribution, etc |
Cambridge, U.K. ; |
| -- |
New York : |
| Name of publisher, distributor, etc |
Cambridge University Press, |
| Date of publication, distribution, etc |
2003. |
| 300 ## - PHYSICAL DESCRIPTION |
| Extent |
xxi, 606 p. ; |
| Dimensions |
23 cm. + |
| 504 ## - BIBLIOGRAPHY, ETC. NOTE |
| Bibliography, etc |
Includes bibliographical references (p. xviii-xix) and index. |
| 526 ## - STUDY PROGRAM INFORMATION NOTE |
| Program name |
ELT |
| 590 ## - LOCAL NOTE (RLIN) |
| Local note |
Shaharima Parvin |
| 650 #0 - SUBJECT ADDED ENTRY--TOPICAL TERM |
| Topical term or geographic name as entry element |
English language |
| General subdivision |
Pronunciation |
| Form subdivision |
Dictionaries. |
| 9 (RLIN) |
13588 |
|
| Topical term or geographic name as entry element |
English language |
| General subdivision |
Phonetic transcriptions |
| Form subdivision |
Dictionaries. |
| 9 (RLIN) |
13589 |
| 700 1# - ADDED ENTRY--PERSONAL NAME |
| Personal name |
Roach, Peter |
| Fuller form of name |
(Peter John) |
| 9 (RLIN) |
13590 |
|
| Personal name |
Hartman, James, |
| Dates associated with a name |
1939- |
| 9 (RLIN) |
13591 |
|
| Personal name |
Setter, Jane. |
| 9 (RLIN) |
13592 |
|
| Personal name |
Jones, Daniel, |
| Dates associated with a name |
1881-1967. |
| Title of a work |
English pronouncing dictionary. |
| 9 (RLIN) |
13593 |
| 856 41 - ELECTRONIC LOCATION AND ACCESS |
| Materials specified |
Sample text |
| Uniform Resource Identifier |
http://www.loc.gov/catdir/samples/cam041/2003283537.html |
|
| Materials specified |
Publisher description |
| Uniform Resource Identifier |
http://www.loc.gov/catdir/description/cam041/2003283537.html |
|
| Materials specified |
WorldCat details |
| Uniform Resource Identifier |
http://www.worldcat.org/title/english-pronouncing-dictionary/oclc/50526226&referer=brief_results |
| 942 ## - ADDED ENTRY ELEMENTS (KOHA) |
| Source of classification or shelving scheme |
Dewey Decimal Classification |
| Koha item type |
Ref. |